Market report. - 1976 - 1980 (Record no. 96092)

MARC details
000 -LEADER
fixed length control field 00587cam a2200229 4500
001 - CONTROL NUMBER
control field J635
008 - FIXED-LENGTH DATA ELEMENTS--GENERAL INFORMATION
fixed length control field 090401t xxu||||| |||| 00| 0 eng d
035 ## - SYSTEM CONTROL NUMBER
System control number (Sirsi) u75924
041 ## - LANGUAGE CODE
Language code of text/sound track or separate title eng
050 ## - LIBRARY OF CONGRESS CALL NUMBER
Classification number 332.6324
110 ## - MAIN ENTRY--CORPORATE NAME
Corporate name or jurisdiction name as entry element Allsop and Co
9 (RLIN) 2757
245 ## - TITLE STATEMENT
Title Market report. - 1976 - 1980
260 ## - PUBLICATION, DISTRIBUTION, ETC.
Place of publication, distribution, etc. London
Name of publisher, distributor, etc. Allsop and Co.
Date of publication, distribution, etc. 1977-81
300 ## - PHYSICAL DESCRIPTION
Extent 5 pt. ; 30cm.
350 ## - PRICE (NR) (BK AM CF MU VM SE) [OBSOLETE]
Price 0
520 ## - SUMMARY, ETC.
Summary, etc. Includes the Allsop Schedule of Investment Yields from 1929.
650 ## - SUBJECT ADDED ENTRY--TOPICAL TERM
Topical term or geographic name entry element LONDON
650 ## - SUBJECT ADDED ENTRY--TOPICAL TERM
Topical term or geographic name entry element PROPERTY INVESTMENT
650 ## - SUBJECT ADDED ENTRY--TOPICAL TERM
Topical term or geographic name entry element PROPERTY MARKET
942 ## - ADDED ENTRY ELEMENTS (KOHA)
Suppress in OPAC 0
948 ## - LOCAL PROCESSING INFORMATION (OCLC); SERIES PART DESIGNATOR (RLIN)
c (OCLC) 04/03/1997
Holdings
Withdrawn status Lost status Source of classification or shelving scheme Damaged status Not for loan Home library Current library Shelving location Date acquired Total Checkouts Full call number Barcode Date last seen Copy number Price effective from Koha item type
    Dewey Decimal Classification     London London Property market reports 09/04/1992   LIBRARY ANNEXE 30032624 06/08/2019 1 06/08/2019 Reference material
    Dewey Decimal Classification     London London Property market reports 09/04/1992   LIBRARY ANNEXE 30032625 06/08/2019 2 06/08/2019 Reference material
    Dewey Decimal Classification     London London Property market reports 09/04/1992   LIBRARY ANNEXE 30032626 06/08/2019 3 06/08/2019 Reference material
    Dewey Decimal Classification     London London Property market reports 09/04/1992   LIBRARY ANNEXE 30032627 06/08/2019 4 06/08/2019 Reference material
    Dewey Decimal Classification     London London Property market reports 09/04/1992   LIBRARY ANNEXE 30032628 06/08/2019 5 06/08/2019 Reference material